Score 0/15 Timer 01:30
0 Plays Today
% Correct
Game of Thrones
89.5%
The Good Place
84.9%
Veep
84.3%
Chernobyl
80.6%
Killing Eve
79.9%
Schitt's Creek
78.7%
Russian Doll
75.6%
Ozark
71.6%
% Correct
Sharp Objects
68.8%
When They See Us
68.8%
Pose
63%
The Late Late Show with James Corden
59.3%
RuPaul's Drag Race
58.3%
I Love You, America with Sarah Silverman
47.5%
Nailed It!
38.9%

You're not logged in!

Compare scores with friends on all Sporcle quizzes.
OR
Log In

Sporcle TV

Today on Sporcle TV


Watch our educational content, quiz creation guides, and fun videos on Sporcle TV.

Show Comments

Extras

Top Quizzes Today


Score Distribution

Paid Content

Your Account Isn't Verified!

In order to create a playlist on Sporcle, you need to verify the email address you used during registration. Go to your Sporcle Settings to finish the process.

Report this User

Report this user for behavior that violates our Community Guidelines.

Details: